الربيع في القرية الصاخبة / (رقم التسجيلة. 36650)

تفاصيل مارك
000 -LEADER
fixed length control field 00628nam a22001937a 4500
005 - DATE AND TIME OF LATEST TRANSACTION
control field 20251108170002.0
008 - FIXED-LENGTH DATA ELEMENTS--GENERAL INFORMATION
fixed length control field 250721s2002 xx 000 0 ara d
082 14 - DEWEY DECIMAL CLASSIFICATION NUMBER
Classification number ط/ق
100 1# - MAIN ENTRY--PERSONAL NAME
Personal name ليندجرين، استريد
245 10 - TITLE STATEMENT
Title الربيع في القرية الصاخبة /
264 1# - PRODUCTION, PUBLICATION, DISTRIBUTION, MANUFACTURE, AND COPYRIGHT NOTICE
Place of production, publication, distribution, manufacture السويد :
Name of producer, publisher, distributor, manufacturer دار المني،
Date of production, publication, distribution, manufacture, or copyright notice 2002.
300 ## - PHYSICAL DESCRIPTION
Extent 32ص. : مص
653 ## - INDEX TERM--UNCONTROLLED
Uncontrolled term (سنوات 5-0) أطفال ما قبل المدرسة
653 ## - INDEX TERM--UNCONTROLLED
Uncontrolled term القصص المترجمة
700 1# - ADDED ENTRY--PERSONAL NAME
Personal name منكلاند، إيلون
Relator term Cart.
700 1# - ADDED ENTRY--PERSONAL NAME
Personal name هيننغ، منى زريقات
Relator term Tran.
942 ## - ADDED ENTRY ELEMENTS (KOHA)
Source of classification or shelving scheme Dewey Decimal Classification
Koha item type كتب
المقتنيات
حالة السحب حالة الفقدان مصدر التصنيف حالة التلف غير قابل للإعارة المكتبة الرئيسية المكتبة الحالية موقع الرف تاريخ التزويد الرقم المتسلسل Total Checkouts رقم الإستدعاء تاريخ آخر ظهور تاريخ الفاتورة نوع المادة (كوها) الباركود
    Dewey Decimal Classification     مكتبة أم المؤمنين للأطفال مكتبة أم المؤمنين للأطفال الأطفال 28/07/2025 581341   ط/ق 28/07/2025 28/07/2025 كتب 581341
    Dewey Decimal Classification Unchecked   مكتبة الأميرة ايمان العامة مكتبة الأميرة ايمان العامة الأطفال 06/07/2004 6   ط/ق 28/07/2025 06/07/2004 كتب  
    Dewey Decimal Classification Unchecked   مكتبة الأميرة ايمان العامة مكتبة الأميرة ايمان العامة الأطفال 06/07/2004 7   ط/ق 28/07/2025 06/07/2004 كتب  
    Dewey Decimal Classification Unchecked   مكتبة الراية الهاشمية للأطفال مكتبة الراية الهاشمية للأطفال الأطفال 28/07/2025 415342   ط/ق 28/07/2025 28/07/2025 كتب  
    Dewey Decimal Classification Unchecked   مكتبة وادي السير العامة مكتبة وادي السير العامة الأطفال 06/07/2004 2342   ط/ق 28/07/2025 06/07/2004 كتب  
    Dewey Decimal Classification Unchecked   مكتبةمؤتة مكتبةمؤتة الأطفال 06/07/2004 48   ط/ق 28/07/2025 06/07/2004 كتب  
Implemented & Customized by: BBB with SCIT (Smart Chains for Information Technology)

Powered by Koha